000 00459nam a22001697a 4500
003 OSt
005 20140310182202.0
008 130903t xxu||||| |||| 00| 0 eng d
020 _a9780340620366
050 _aBS 1192.5
_b.M478 1996
082 _aHS 221
_bM46 1996
245 _aOld testament
_cGordon McConville.
260 _aUnited Kingdom :
_bTeach Yourself Books,
_cc1996.
300 _a168 p. :
_bill. ;
_c20 cm.
942 _2lcc
_cHS
999 _c10247
_d10247